000 00754nam a2200181 a 4500
005 20140412111255.0
008 020511s19uu xx 00 eng d
020 _a0-590-44639-8
050 _aTR(PS E
_bDa22 1990
100 _aCarmine, Mary
245 _aDaniel's dinosaurs /
_cby Mary Carmine; illustrated by Martin Baynton.
260 _aNew York :
_bScholastic Inc,
_c1990.
300 _a1 v. (unp.) ; ill.
520 _aDaniel loves dinosaurs. He loves to read about them. He loves to draw them. He loves to write about them. In fact, all he ever thinks about are dinosaurs...until one day his mother takes him to the acquarium to see the sharks...
650 _aDinosaurs
_xFiction
650 _aChildren stories
_xFiction
999 _c103231
_d103231